| 000 | 00615nam a2200133Ia 4500 | ||
|---|---|---|---|
| 008 | 100328s9999 xx 000 0 und d | ||
| 082 | _b18320 | ||
| 100 | _aतुळपुळे ग.वि. | ||
| 245 | _aसंत प्रणीत-स्वरुप-साक्षात्कार मार्ग | ||
| 260 | _bगणपती संस्थान प्रेस | ||
| 630 | _aसंत प्रणीत-स्वरुप-साक्षात्कार मार्ग | ||
| 730 | _aसंत प्रणीत-स्वरुप-साक्षात्कार मार्ग | ||
| 942 | _cBOOK | ||
| 999 |
_c512748 _d512745 |
||